Protection of computer nets against overvoltages Leonardo da Vinci

Bibliographic Details
Corporate Author: Technická univerzita v Košiciach (vyd)
Other Authors: Marton, Karol, 1933- (Illuminator), Skala, Peter (Translator)
Format: Book
Language:English
PhysicalDescription:vii, 51 s. obr., tab. 24 cm
Published: Košice Mercury 2001
ISBN:8089061109
Subjects:

MARC

LEADER 00000nam a2200000 a 4500
001 vtls001433638
003 SK-MaSNL
005 20260331204206.0
008 240226s2001 xo aap r yy eng
015 |a SNBA2002/10-03199 
020 |a 8089061109 
035 |a SNK000388708 
035 |a urn:nbn:sk:snk-amko8q 
035 |a urn:nbn:sk:snk-am003bw7 
035 |a 3B1300F4-CA6D-478C-982D-381FA8538FF8 
040 |a SNK  |b slo  |c SNK  |e AACR2 
041 0 |a eng 
044 |a xo  |c SK 
080 |a 681.3:621.3.015.3(075.4)=20  |2 1981 
100 1 |a Marton, Karol,  |d 1933-  |4 ilu  |9 212073 
245 1 0 |a Protection of computer nets against overvoltages  |b Leonardo da Vinci  |c Karol Marton ; [translation: Peter Skala] 
260 |a Košice  |b Mercury  |c 2001 
300 |a vii, 51 s.  |b obr., tab.  |c 24 cm 
500 |a Údaj o prekl. prevzatý z rubu tit. strany 
500 |a Vyd. Technická univerzita, Košice 
504 |a Bibliografia s. 48. Index 
650 0 7 |a siete počítačové  |x prepätie  |x texty učebné  |2 SNK  |9 392679 
655 7 |a učebnice  |2 SNK  |9 22521 
700 1 |a Skala, Peter  |4 trl  |9 269309 
710 2 |a Technická univerzita v Košiciach  |4 vyd  |9 172333 
919 |a 80-89061-10-9 
958 |a TL 
958 |a NB 
958 |a NS 
958 |a UV 
968 |a Eng  |b SLO 
999 |c 641913  |d 643843 
952 |t P60, <04>, [BOOK], {604}  |a SNK  |b SNK  |y VYP  |7 0  |p 17A0342953  |o snkSC 107960 D1  |i snkKSP 5456/2002  |0 0  |1 0  |4 0  |d 2002-05-09  |l 0  |r 2005-01-02 00:00:00  |w 2026-02-23 
952 |t P60, <03>, [BOOK], {603}  |a SNK  |b SNK  |y PREZ  |7 0  |p 17A0342952  |o snkSC 107960  |i snkKSP 5455/2002  |0 0  |1 0  |4 0  |d 2002-05-09  |f 1  |l 0  |r 2025-09-29 00:00:00  |w 2026-02-23